[Event "WchT Seniors 65"]
[Site "Struga"]
[Date "2023.09.26"]
[Round "7.4"]
[White "Kierzek, Matthias"]
[Black "Petran, Peter"]
[Result "1/2-1/2"]
[WhiteElo "2165"]
[BlackElo "2190"]
[PlyCount "106"]
[EventDate "2023.09.19"]
[EventType "team-swiss"]
[EventRounds "9"]
[EventCountry "MKD"]
[SourceTitle "EXT 2024"]
[Source "ChessBase"]
[SourceDate "2023.10.10"]
[SourceVersion "1"]
[SourceVersionDate "2023.10.10"]
[SourceQuality "1"]
[WhiteTeam "Germany 65"]
[BlackTeam "Slovakia 65"]
[WhiteTeamCountry "GER"]
[BlackTeamCountry "SVK"]

1. d4 d6 2. e4 Nf6 3. Nc3 g6 4. Be3 c6 5. Qd2 Ng4 6. Bg5 h6 7. Bh4 Bg7 8. h3 Nf6 9. Nf3 0-0 10. Bd3 Qc7 11. Bg3 Nh5 12. Bh2 e5 13. g4 Nf4 14. Bxf4 exf4 15. Qxf4 b5 16. a3 Nd7 17. 0-0 a6 18. Ne2 c5 19. c3 Bb7 20. Rac1 Rfe8 21. Ng3 Rac8 22. Bb1 Nf8 23. h4 Qb6 24. Qd2 Ne6 25. d5 Nf8 26. h5 Qd8 27. Qf4 Rc7 28. Kg2 Bc8 29. g5 hxg5 30. Qxg5 Qxg5 31. Nxg5 Bh6 32. f4 Bxg5 33. fxg5 Nh7 34. hxg6 fxg6 35. Rf4 Re5 36. Rh1 Rxg5 37. Kf3 Nf8 38. Nf1 Rf7 39. Ne3 Re5 40. Rg1 Rxf4+ 41. Kxf4 Kf7 42. Bd3 Rh5 43. a4 Rh4+ 44. Kg3 Rh3+ 45. Kf2 Rh2+ 46. Rg2 Rxg2+ 47. Kxg2 Bd7 48. axb5 axb5 49. Kg3 Kf6 50. Nf1 Nh7 51. Nd2 Ng5 52. Kf4 Nf7 53. b4 Ne5 1/2-1/2

[Event "EU-chT Seniors 65"]
[Site "Swidnica"]
[Date "2023.07.18"]
[Round "7.4"]
[White "Letzelter, Jean Claude"]
[Black "Kierzek, Matthias"]
[Result "1-0"]
[WhiteElo "2039"]
[BlackElo "2202"]
[PlyCount "85"]
[EventDate "2023.07.12"]
[EventType "team-swiss"]
[EventRounds "9"]
[EventCountry "POL"]
[SourceTitle "CBM 215 Extra"]
[Source "ChessBase"]
[SourceDate "2023.09.30"]
[SourceVersion "1"]
[SourceVersionDate "2023.09.30"]
[SourceQuality "1"]
[WhiteTeam "Strasbourg 65"]
[BlackTeam "Germany 65  "]
[WhiteTeamCountry "FRA"]
[BlackTeamCountry "GER"]

1. e4 c6 2. Nc3 d5 3. Nf3 Bg4 4. h3 Bxf3 5. Qxf3 e6 6. exd5 cxd5 7. Bb5+ Nc6 8. 0-0 Nf6 9. d4 Rc8 10. Ne2 Qb6 11. Ba4 Be7 12. c3 0-0 13. Bc2 Qd8 14. Bf4 b5 15. Bd3 Qb6 16. b4 a5 17. a3 axb4 18. axb4 Ra8 19. g4 Ra6 20. Rxa6 Qxa6 21. Ng3 Rc8 22. h4 Na7 23. Re1 Bd6 24. Bxd6 Qxd6 25. Ra1 Qd7 26. h5 Ne8 27. h6 g6 28. Ra3 f6 29. Qe2 Kf7 30. f4 Rc7 31. f5 exf5 32. gxf5 g5 33. Qf3 Qd6 34. Kg2 Kf8 35. Be2 Re7 36. Nf1 Qf4 37. Ra6 Qh4 38. Ne3 Qe1 39. Ra2 Nd6 40. Qxd5 Ne4 41. Nf1 Nxc3 42. Qd8+ Kf7 43. Bh5# 1-0

[Event "EU-ch Seniors 65"]
[Site "Budoni"]
[Date "2021.09.28"]
[Round "3"]
[White "Kierzek, Matthias"]
[Black "Hammar, Bengt Erik"]
[Result "0-1"]
[WhiteElo "2199"]
[BlackElo "2130"]
[PlyCount "66"]
[EventDate "2021.09.26"]
[EventType "swiss"]
[EventRounds "9"]
[EventCountry "ITA"]
[SourceTitle "EXT 2023"]
[Source "ChessBase"]
[SourceDate "2022.10.05"]
[SourceVersion "1"]
[SourceVersionDate "2022.10.05"]
[SourceQuality "1"]

1. d4 Nf6 2. c4 g6 3. Nc3 d5 4. cxd5 Nxd5 5. Bd2 Bg7 6. e4 Nxc3 7. Bxc3 c5 8. d5 Bxc3+ 9. bxc3 e6 10. Bc4 exd5 11. Bxd5 0-0 12. h4 Qf6 13. Ne2 Nd7 14. f4 Nb6 15. e5 Qe7 16. c4 Be6 17. Qb3 f6 18. 0-0 fxe5 19. fxe5 Bxd5 20. cxd5 Qxe5 21. d6+ c4 22. Qd1 Rxf1+ 23. Kxf1 Rd8 24. Qd4 Qxd6 25. Qxd6 Rxd6 26. a4 Rd3 27. a5 Nd5 28. Ke1 c3 29. Rb1 b6 30. a6 c2 31. Rc1 Nb4 32. Nf4 Rd4 33. g3 Rxf4 0-1

[Event "EUR-chT Seniors 65"]
[Site "Prague"]
[Date "2021.09.06"]
[Round "8.4"]
[White "Kierzek, Matthias"]
[Black "Koehler, Gerhard"]
[Result "1-0"]
[WhiteElo "2201"]
[BlackElo "2183"]
[PlyCount "91"]
[EventDate "2021.08.30"]
[EventType "team-swiss"]
[EventRounds "9"]
[EventCountry "CZE"]
[SourceTitle "CBM 204 Extra"]
[Source "ChessBase"]
[SourceDate "2021.11.30"]
[SourceVersion "1"]
[SourceVersionDate "2021.11.30"]
[SourceQuality "1"]
[WhiteTeam "Germany 65"]
[BlackTeam "Lasker Schachstiftung 65"]
[WhiteTeamCountry "GER"]
[BlackTeamCountry "GER"]

1. d4 Nf6 2. c4 d6 3. Nc3 g6 4. e4 Bg7 5. h3 0-0 6. Be3 Nfd7 7. Nf3 c5 8. d5 Na6 9. Be2 Nc7 10. 0-0 e6 11. dxe6 Nxe6 12. Qxd6 Ne5 13. Bxc5 Nxc5 14. Qxc5 Nxf3+ 15. Bxf3 Be6 16. Rfd1 Qc8 17. Qxc8 Rfxc8 18. e5 Rxc4 19. Bxb7 Rb8 20. Bd5 Bxd5 21. Rxd5 Rxb2 22. Nd1 Re2 23. Ne3 Ra4 24. Rd8+ Bf8 25. Rc1 Kg7 26. Rcc8 Be7 27. Rg8+ Kh6 28. Ng4+ Kg5 29. Rc7 h5 30. Ne3 Re1+ 31. Kh2 Rxa2 32. Kg3 h4+ 33. Kf3 Ra4 34. g3 hxg3 35. Rxe7 gxf2 36. Kxf2 Rh1 37. Rxf7 Rxh3 38. Rf5+ Kh6 39. Rh8+ Kg7 40. Rxh3 gxf5 41. Nxf5+ Kf7 42. Nh4 a5 43. Nf3 Kg6 44. Ke3 Rb4 45. Nd4 a4 46. Ke4 1-0

[Event "Arco op 42nd"]
[Site "Arco"]
[Date "2020.10.10"]
[Round "1.7"]
[White "Hilbenz, Guntram"]
[Black "Kierzek, Matthias"]
[Result "1-0"]
[WhiteElo "1862"]
[BlackElo "2256"]
[PlyCount "97"]
[EventDate "2020.10.10"]
[EventType "swiss"]
[EventRounds "9"]
[EventCountry "ITA"]
[SourceTitle "CBM 198 Extra"]
[Source "ChessBase"]
[SourceDate "2020.11.30"]
[SourceVersion "1"]
[SourceVersionDate "2020.11.30"]
[SourceQuality "1"]

1. c4 c6 2. Nf3 d5 3. e3 Nf6 4. Nc3 g6 5. d4 Bg7 6. Bd3 0-0 7. 0-0 Bg4 8. h3 Bxf3 9. Qxf3 a5 10. Bd2 Qd6 11. Rfd1 Nbd7 12. Rac1 dxc4 13. Bxc4 e5 14. Be1 exd4 15. Rxd4 Qe7 16. a4 Ne5 17. Qe2 Nxc4 18. Qxc4 Nd7 19. Rdd1 Ne5 20. Qb3 Rfd8 21. Ne2 Qc7 22. Rxd8+ Rxd8 23. Rd1 Rxd1 24. Qxd1 Qd7 25. Qxd7 Nxd7 26. b4 axb4 27. Bxb4 Nb6 28. a5 Nc4 29. Nc1 f5 30. Kf1 Kf7 31. Ke2 Ke6 32. Nd3 Nd6 33. Nc5+ Kd5 34. Nxb7 Nb5 35. Bc5 Be5 36. a6 Bb8 37. Kd3 Ba7 38. Bxa7 Nxa7 39. f3 c5 40. e4+ fxe4+ 41. fxe4+ Kc6 42. Kc4 Nb5 43. Nxc5 Nd6+ 44. Kb4 Kb6 45. e5 Nf5 46. e6 Nd4 47. Kc4 Nf5 48. Kd5 Ne3+ 49. Kd6 1-0

[Event "GER-ch Seniors 65 32nd"]
[Site "Magdeburg"]
[Date "2020.08.17"]
[Round "4"]
[White "Zimmermann, Rolf"]
[Black "Kierzek, Matthias"]
[Result "0-1"]
[WhiteElo "2101"]
[BlackElo "2228"]
[PlyCount "88"]
[EventDate "2020.08.14"]
[EventType "swiss"]
[EventRounds "9"]
[EventCountry "GER"]
[SourceTitle "EXT 2021"]
[Source "ChessBase"]
[SourceDate "2020.10.23"]
[SourceVersion "1"]
[SourceVersionDate "2020.10.23"]
[SourceQuality "1"]

1. c4 e5 2. Nc3 Bb4 3. g3 Bxc3 4. dxc3 d6 5. Bg2 Nc6 6. c5 dxc5 7. Bxc6+ bxc6 8. Qxd8+ Kxd8 9. c4 Be6 10. b3 Nf6 11. Nf3 Nd7 12. Ng5 Ke7 13. Nxe6 Kxe6 14. e4 a5 15. Be3 a4 16. Kd2 Ra6 17. Kc2 Rha8 18. Rab1 axb3+ 19. axb3 Ra2+ 20. Rb2 Ra1 21. Rxa1 Rxa1 22. Rb1 Rxb1 23. Kxb1 f5 24. exf5+ Kxf5 25. f3 e4 26. g4+ Ke6 27. f4 h5 28. f5+ Ke5 29. gxh5 Kxf5 30. h3 Nf8 31. Bxc5 Ne6 32. Be3 Nf4 33. h6 gxh6 34. Kc2 h5 35. h4 Kg4 36. Kd2 Kf3 37. b4 Ng2 38. Bg5 e3+ 39. Kd3 e2 40. Bd2 e1Q 41. Bxe1 Nxe1+ 42. Kd4 Kg4 43. Kc5 Nd3+ 44. Kxc6 Nxb4+ 0-1

[Event "GER-ch Seniors 65 32nd"]
[Site "Magdeburg"]
[Date "2020.08.15"]
[Round "2"]
[White "Kuempers, Ulrich"]
[Black "Kierzek, Matthias"]
[Result "1/2-1/2"]
[WhiteElo "2011"]
[BlackElo "2228"]
[PlyCount "49"]
[EventDate "2020.08.14"]
[EventType "swiss"]
[EventRounds "9"]
[EventCountry "GER"]
[SourceTitle "EXT 2021"]
[Source "ChessBase"]
[SourceDate "2020.10.23"]
[SourceVersion "1"]
[SourceVersionDate "2020.10.23"]
[SourceQuality "1"]

1. d4 d5 2. c4 Nc6 3. Nc3 Nf6 4. Bf4 e6 5. e3 Bd6 6. c5 Bxf4 7. exf4 0-0 8. Nf3 Ne4 9. Rc1 f5 10. Be2 Bd7 11. a3 a5 12. 0-0 b6 13. Ne5 Nxe5 14. fxe5 bxc5 15. Nxe4 fxe4 16. Rxc5 c6 17. f3 Qb6 18. b3 exf3 19. Rxf3 Rxf3 20. Bxf3 Rb8 21. Rc3 Qd8 22. Qc1 Qe7 23. Bd1 Qh4 24. Qe3 Qe7 25. Bc2 1/2-1/2

[Event "Hessenliga 1921"]
[Site "Hessen"]
[Date "2020.01.26"]
[Round "5.1"]
[White "Telljohann, Sven"]
[Black "Kierzek, Matthias"]
[Result "1-0"]
[WhiteElo "2388"]
[BlackElo "2186"]
[PlyCount "117"]
[EventDate "2019.09.22"]
[EventType "team-tourn"]
[EventRounds "9"]
[EventCountry "GER"]
[SourceTitle "EXT 2024"]
[Source "ChessBase"]
[SourceDate "2023.10.10"]
[SourceVersion "1"]
[SourceVersionDate "2023.10.10"]
[SourceQuality "1"]
[WhiteTeam "Frankfurt TV"]
[BlackTeam "Fulda"]
[WhiteTeamCountry "GER"]
[BlackTeamCountry "GER"]

1. Nf3 d5 2. g3 Bg4 3. Bg2 Nd7 4. 0-0 e6 5. b3 Ngf6 6. c4 c6 7. Bb2 Be7 8. d3 0-0 9. Nbd2 a5 10. a3 Qb6 11. Bd4 c5 12. Bxf6 Bxf6 13. Rb1 d4 14. Ne1 e5 15. h3 Bh5 16. Nc2 Be7 17. Rb2 f5 18. Re1 Nb8 19. Qb1 Na6 20. e3 Bd6 21. exd4 exd4 22. Bd5+ Kh8 23. Bf3 Bg6 24. Re6 Nc7 25. Rxg6 hxg6 26. b4 axb4 27. axb4 cxb4 28. Nxb4 Bxb4 29. Rxb4 Qa5 30. Bxb7 Na6 31. Rb2 Ra7 32. Bd5 Re7 33. Nf3 Qc3 34. Rb3 Qa5 35. Kg2 Nc7 36. Bc6 Qc5 37. Bb7 Rb8 38. h4 Ne6 39. Bd5 Rxb3 40. Qxb3 Nc7 41. Ng5 Re8 42. Qb7 Rf8 43. Bf7 f4 44. Qe4 Qf5 45. Bxg6 Qxe4+ 46. Bxe4 fxg3 47. fxg3 Rf6 48. h5 Ne6 49. Nxe6 Rxe6 50. g4 Re7 51. Kf3 Kg8 52. Kf4 Kf7 53. g5 Ke6 54. Bf5+ Kd6 55. h6 gxh6 56. gxh6 Re8 57. h7 Rf8 58. Kg5 Ke7 59. c5 1-0